Entrada Término temático
Número de registros utilizados en: 42
001 - NÚMERO DE CONTROL
- campo de control: 19058
003 - IDENTIFICADOR DEL NÚMERO DE CONTROL
- campo de control: BNPHU
005 - FECHA Y HORA DE LA ÚLTIMA TRANSACCIÓN
- campo de control: 20250604113812.0
008 - DATOS DE LONGITUD FIJA
- campo de control de longitud fija: 200615|| aca||aabn | a|a d
010 ## - NÚMERO DE CONTROL DE LA BIBLIOTECA DEL CONGRESO
- Número de control de LC: sh 89000875
040 ## - FUENTE DE LA CATALOGACIÓN
- Centro catalogador/agencia de origen: DO-SdBNP
- Lengua de catalogación: spa
- Centro/agencia transcriptor: BNPHU
- Normas de descripción: rda
150 ## - ENCABEZAMIENTO--TÉRMINO DE MATERIA
- Término de materia o nombre geográfico como elemento de entrada: Mercado de trabajo
360 ## - REFERENCIA COMPLEJA DE VÉASE ADEMÁS-MATERIA
- Texto explicativo: la subdivisión
- Encabezamiento referido a: Oferta y demanda
- Texto explicativo: bajo grupos ocupacionales y tipos de empleados
450 ## - TRAZADO DE VÉASE--TÉRMINO DE MATERIA
- Término de materia o nombre geográfico como elemento de entrada: Labor market
450 ## - TRAZADO DE VÉASE--TÉRMINO DE MATERIA
- Término de materia o nombre geográfico como elemento de entrada: Empleados
- Subcampo de control: Oferta y demanda
450 ## - TRAZADO DE VÉASE--TÉRMINO DE MATERIA
- Término de materia o nombre geográfico como elemento de entrada: Trabajo, Mercado de
450 ## - TRAZADO DE VÉASE--TÉRMINO DE MATERIA
- Término de materia o nombre geográfico como elemento de entrada: Oferta y demanda de trabajo
450 ## - TRAZADO DE VÉASE--TÉRMINO DE MATERIA
- Término de materia o nombre geográfico como elemento de entrada: Mercado laboral
550 ## - TRAZADO VÉASE ADEMÁS--TÉRMINO DE MATERIA
- Término de materia o nombre geográfico como elemento de entrada: Mercados
- Subcampo de control: g
550 ## - TRAZADO VÉASE ADEMÁS--TÉRMINO DE MATERIA
- Término de materia o nombre geográfico como elemento de entrada: Demanda laboral
- Subcampo de control: h
550 ## - TRAZADO VÉASE ADEMÁS--TÉRMINO DE MATERIA
- Término de materia o nombre geográfico como elemento de entrada: Mano de obra --
- Subdivisión general: Oferta
- Subcampo de control: h
550 ## - TRAZADO VÉASE ADEMÁS--TÉRMINO DE MATERIA
- Término de materia o nombre geográfico como elemento de entrada: Ubicación de industrias --
- Subdivisión general: Efectos del mercado de trabajo sobre
- Subcampo de control: h
670 ## - FUENTE DE DATOS ENCONTRADOS
- Cita de la fuente: Work cat.: (OSt)6652: Moya Pons, Frank 1209, Microempresas y microempresarios en la República Dominicana 1993-1994 / :, 1994.
670 ## - FUENTE DE DATOS ENCONTRADOS
- Cita de la fuente: LEMB Digital, 04 Junio, 2025:
- Información encontrada: (Mercado laboral)
- Identificador Uniforme del Recurso: https://lembdigital.ddns.net/lemb/scripts/lembapp.asp Consultado en 04 de Junio, 2025
670 ## - FUENTE DE DATOS ENCONTRADOS
- Cita de la fuente: Biblioteca del Congreso (Estados Unidos), 04 de Junio, 2025:
- Información encontrada: catálogo electrónico (Labor market)
- Identificador Uniforme del Recurso: https://authorities.loc.gov/cgi-bin/Pwebrecon.cgi?AuthRecID=4823999&v1=1&HC=5&SEQ=20240507192810&PID=6TuaSNNMtbOYWONbmYh_Cnzw9Ep Consultado en 07 de Mayo, 2024
670 ## - FUENTE DE DATOS ENCONTRADOS
- Cita de la fuente: Biblioteca UNAM, 04 de Junio, 2025
- Información encontrada: Mercado de trabajo
- Identificador Uniforme del Recurso: https://librunam.dgb.unam.mx:8443/F/QQ638QY8L2M4ELS3N4X6F4MYKNIPUHX55II59J3QG8VCUB9KJB-23435?func=full-set-set&set_number=029554&set_entry=000001&format=001 Consultado en 07 de Mayo, 2024
750 0# - ENTRADA DE ENLACE DE ENCABEZAMIENTO ESTABLECIDO--TÉRMINO DE MATERIA
- Término de materia o nombre geográfico como elemento de entrada: Labor market
- Número de control del registro de autoridad o número normalizado: sh 89000875
